000 00583nam a2200193Ia 4500
003 GCL
008 140319s9999 xx 000 0 ara d
040 _aGCL /
_cGCL
082 0 4 _a813.01
_bأ ح
100 1 _aامينة ابراهيم زيدان
245 1 0 _aحدث سرا : قصص قصيرة /
_cامينة ابراهيم زيدان
260 _a[S.N] :
_bالمجلس الاعلى للثقافة ،
_c1994
300 _a95 ص
490 _a
650 0 4 _aالادب العربى
650 0 4 _aالقصص القصيرة
650 0 4 _aالمجموعات
942 _2ddc
_cBK
999 _c36620
_d36620